| 000 | 00734nam a22002415a 4500 | ||
|---|---|---|---|
| 008 | 161120t2016 xxua|||fr|||| 001 0 eng d | ||
| 020 | _a9788123928319 | ||
| 040 |
_aEG-ScBUE _beng _cEG-ScBUE |
||
| 082 | 0 | 4 |
_222 _a660.2832 _bMIL |
| 100 | 1 | _aMiller, GT | |
| 245 |
_aChemical reaction engineering / _cGT Miller |
||
| 260 |
_aNew Delhi : _bCBS Publishes & Distributors, _c2016. |
||
| 300 |
_axvii, 493 p. : _bill. ; _c25 cm. |
||
| 500 | _aIndex : p. 489-493. | ||
| 500 | _aGlossary : p. 473-481. | ||
| 504 | _aBibliography: p. 487. | ||
| 590 | _aSuzan Ashmawy | ||
| 650 | 7 |
_2BUEsh _aChemical reactions _936417 |
|
| 650 | 7 |
_2BUEsh _aChemical engineering. |
|
| 651 | _2BUEsh | ||
| 653 |
_bENGCHE _cNovember2016 |
||
| 942 | _2ddc | ||
| 999 |
_c23186 _d23158 |
||